01223nam a22002657a 450000100060000000300080000600500170001400800410003103500190007204000350009104100080012608200240013410000270015824501940018526001000037930000350047950201080051450400320062265000360065470000480069070000440073894200130078299900170079595201450081281154BD-RjUL20230131161857.0230131s2012 bg a|||| m||| 00| 0 eng d a(BD-RjUL)81154 aBD-RjULbengcBD-RjULdBD-RjUL aeng 223a512.4bKAO 2012 aKawser, Md. Abul9679310aOn extension and modification of the KBM method for third and fourth order nonlinear systems /cBy Md. Abul Kawser ;6Supervisor : Md. Shamsul Alam, Sarker, Co-Supervisor : M. Abdus Sattar, aRajshahi :bDepartment of Applied Mathematics Faculty of Science, University of Rajshahi,c2012 ax, 84 leaves :bill, ;c29.cm. aThesis (M. Phil.) -- Department of Applied Mathematics Faculty of Science, University of Rajshahi, 2012 aReferences : Leaves 74 - 84 aExtension theoryvAlgebra96794 aSarker, Md. Shamsul Alam, Supervisor 96795 aSattar, M. Abdus, Co-Supervisor 96796 2ddccTHE c81154d81154 102ddc40718THESESaRUCLbRUCLcDoc/Thed2019-10-29eController of Exam. R.U.l0oTHE 512.4 KAO 2012pD3592r2023-01-31 00:00:00tC-1yTHE